000
00302 a2200133 4500
000
nam a22 7a 4500
100
_a
Harshita Sharma
110
_a
Harshita Sharma
245
_a
India-USA-Pakistan
250
_a
latest edition
260
_b
Harper
_c
2024
264
_b
Harper
_c
2024
942
_c
BK
999
_c
395404
_d
395404